The structure of labor markets ; wages and labor mobility in theory and practice.

Bibliographic Details
Main Author: Reynolds, Lloyd George, 1910-
Format: Book
Language:English
Published: New York : Harper, [1951]
Edition:[1st ed.].
Series:Yale Labor and Management Center series.
Subjects:

MARC

Tag First Indicator Second Indicator Subfields
LEADER 00000cam a2200000 4500
001 in00000062707
005 20151008050624.0
008 720905s1951 nyu 00000 eng u
010 |a  51002556  
020 |a 0837138450 
035 |a (OCoLC)00399203 
035 |9 AAG2193AM 
040 |c CSU  |d TXA  |d UtOrBLW 
049 |a TXAM  |c [195323] 
050 0 |a HD4909  |b .R38 
082 0 |a 331.21 
092 |a 331.21  |b R463s 
100 1 |a Reynolds, Lloyd George,  |d 1910- 
245 1 4 |a The structure of labor markets ;  |b wages and labor mobility in theory and practice. 
250 |a [1st ed.]. 
264 1 |a New York :  |b Harper,  |c [1951] 
300 |a ix, 328 pages :  |b illustrations ;  |c 24 cm. 
336 |a text  |b txt  |2 rdacontent 
337 |a unmediated  |b n  |2 rdamedia 
338 |a volume  |b nc  |2 rdacarrier 
490 1 |a Yale Labor and Management Center series 
650 0 |a Wages. 
650 0 |a Migration, Internal. 
650 0 |a Labor supply. 
830 0 |a Yale Labor and Management Center series. 
999 |a MARS 
999 f f |s 91a82fe9-eb11-3a13-970d-dab59651fd27  |i 404b4944-5e62-3a73-bc4e-78b173cc6943  |t 0 
952 f f |p ric  |a Texas A&M University  |b Rellis Campus  |c Joint Library Facility  |d Remote Storage  |t 0  |e HD4909 .R38  |h Library of Congress classification  |i unmediated -- volume  |m A14800717971 
998 f f |a HD4909 .R38  |t 0  |l Remote Storage